[Event "Grand Prix-B"]
[Site "Winnipeg CAN"]
[Date "2003.11.04"]
[Round "1"]
[White "Khedkar, Jay"]
[Black "Van Wyk, Joseph"]
[Result "1-0"]
[WhiteElo "1902"]
[BlackElo "1922"]
[PlyCount "37"]
[EventDate "2003.11.04"]
[EventType "tourn"]
[EventRounds "6"]
[EventCountry "CAN"]

1. e4 e5 2. Nf3 Nc6 3. Bb5 Nf6 4. O-O d6 5. Re1 Bg4 6. c3 Be7 7. d3 O-O 8. Nbd2
d5 9. Qc2 dxe4 10. dxe4 Qd6 11. Bxc6 bxc6 12. Nc4 Qe6 13. Ncxe5 Bh5 14. Qb3 Qd6
15. Qc4 Rfe8 16. Bf4 Bxf3 17. gxf3 Qe6 18. Qxe6 fxe6 19. Nxc6 1-0

[Event "Grand Prix-B"]
[Site "Winnipeg CAN"]
[Date "2003.11.04"]
[Round "1"]
[White "Vincent, Trevor"]
[Black "Greenberg, Harley"]
[Result "1/2-1/2"]
[WhiteElo "2094"]
[BlackElo "1874"]
[PlyCount "71"]
[EventDate "2003.11.04"]
[EventType "tourn"]
[EventRounds "6"]
[EventCountry "CAN"]

1. c4 Nf6 2. g3 e6 3. Bg2 c5 4. Nf3 d5 5. cxd5 exd5 6. d4 Be7 7. O-O O-O 8.
dxc5 Bxc5 9. Bg5 Nc6 10. Qc2 Bb6 11. Nc3 Be6 12. Rad1 h6 13. Bf4 a6 14. Qa4 Rc8
15. Ne5 d4 16. Nxc6 bxc6 17. Bxc6 Qe7 18. Ne4 Nxe4 19. Bxe4 Bh3 20. Bd3 Bxf1
21. Rxf1 Qa7 22. Qxa6 Qxa6 23. Bxa6 Rc2 24. Rb1 g5 25. Bd3 Rc6 26. Bd2 Ra8 27.
Be4 Rac8 28. Bxc6 Rxc6 29. Kf1 d3 30. exd3 Rc2 31. Be1 Bd4 32. Bc3 Rxf2+ 33.
Ke1 Rxh2 34. Kd1 Bxc3 35. bxc3 Rxa2 36. c4 1/2-1/2

[Event "Grand Prix-B"]
[Site "Winnipeg CAN"]
[Date "2003.11.18"]
[Round "2"]
[White "Greenberg, Harley"]
[Black "Van Wyk, Joseph"]
[Result "1-0"]
[WhiteElo "1874"]
[BlackElo "1922"]
[PlyCount "69"]
[EventDate "2003.11.04"]
[EventType "tourn"]
[EventRounds "6"]
[EventCountry "CAN"]

1. e4 c6 2. d4 d5 3. e5 Bf5 4. Nf3 e6 5. Be2 Qb6 6. O-O Nd7 7. c4 f6 8. c5 Qc7
9. exf6 Ngxf6 10. Nh4 Bxb1 11. Rxb1 e5 12. dxe5 Nxe5 13. b4 O-O-O 14. f4 Ned7
15. Nf5 Ne4 16. Rb3 g6 17. Nd4 Re8 18. Bg4 h5 19. Bh3 Bh6 20. Ne6 Qb8 21. Bb2
Rhg8 22. b5 Rxe6 23. Bxe6 Re8 24. Bxd7+ Kxd7 25. bxc6+ Kxc6 26. Be5 Qd8 27. Bd4
Qe7 28. Re3 Rf8 29. Qa4+ Kc7 30. Qxa7 Bxf4 31. Ree1 Qh4 32. Qb6+ Kd7 33. Qxb7+
Ke8 34. Rxe4+ dxe4 35. Qxe4+ 1-0

[Event "Grand Prix-B"]
[Site "Winnipeg CAN"]
[Date "2003.11.18"]
[Round "2"]
[White "Vincent, Trevor"]
[Black "Khedkar, Jay"]
[Result "1/2-1/2"]
[WhiteElo "2094"]
[BlackElo "1902"]
[PlyCount "67"]
[EventDate "2003.11.04"]
[EventType "tourn"]
[EventRounds "6"]
[EventCountry "CAN"]

1. c4 e6 2. g3 d5 3. Bg2 Nf6 4. Nf3 Be7 5. O-O O-O 6. Qc2 c5 7. d4 Nc6 8. dxc5
d4 9. a3 a5 10. Ne1 Bxc5 11. Nd3 Bd6 12. e4 e5 13. f4 h6 14. f5 Bd7 15. Nd2 a4
16. c5 Bc7 17. Nc4 Re8 18. Bd2 b5 19. cxb6 Bxb6 20. b4 axb3 21. Qxb3 Na5 22.
Bxa5 Bxa5 23. Nd6 Re7 24. Nxe5 Qb8 25. Qxb8+ Rxb8 26. Nec4 Bc3 27. Rfb1 Rxb1+
28. Rxb1 Bc6 29. e5 Bxg2 30. Kxg2 Ng4 31. Rb7 Rxb7 32. Nxb7 d3 33. Kf3 Nxh2+
34. Ke3 1/2-1/2

[Event "Grand Prix-B"]
[Site "Winnipeg CAN"]
[Date "2003.11.25"]
[Round "3"]
[White "Khedkar, Jay"]
[Black "Greenberg, Harley"]
[Result "1/2-1/2"]
[WhiteElo "1902"]
[BlackElo "1874"]
[PlyCount "87"]
[EventDate "2003.11.04"]
[EventType "tourn"]
[EventRounds "6"]
[EventCountry "CAN"]

1. e4 c5 2. Nf3 Nc6 3. d4 cxd4 4. Nxd4 Nf6 5. Nc3 e5 6. Ndb5 d6 7. Bg5 a6 8.
Na3 b5 9. Bxf6 gxf6 10. Nd5 f5 11. Bd3 Be6 12. c3 Bg7 13. Nc2 O-O 14. Nce3 fxe4
15. Bxe4 f5 16. Nf6+ Rxf6 17. Bxc6 Rb8 18. Bd5 Kh8 19. Bxe6 f4 20. Nf5 Rxe6 21.
Nxg7 Kxg7 22. Qd5 Rg6 23. h4 Qg8 24. Rd1 Qxd5 25. Rxd5 Rd8 26. Kf1 Kf7 27. h5
Rh6 28. g4 fxg3 29. fxg3 Ke6 30. Rd2 Rf8+ 31. Rf2 Rxf2+ 32. Kxf2 Kf5 33. Kf3
Kg5 34. a4 bxa4 35. Ra1 d5 36. Rxa4 Rf6+ 37. Ke3 e4 38. Kd4 Rd6 39. Ra5 Kxh5
40. c4 Kg4 41. cxd5 Kxg3 42. Rc5 e3 43. Rc3 Kf2 44. Rxe3 1/2-1/2

[Event "Grand Prix-B"]
[Site "Winnipeg CAN"]
[Date "2003.11.25"]
[Round "3"]
[White "Van Wyk, Joseph"]
[Black "Vincent, Trevor"]
[Result "1-0"]
[WhiteElo "1922"]
[BlackElo "2094"]
[PlyCount "63"]
[EventDate "2003.11.04"]
[EventType "tourn"]
[EventRounds "6"]
[EventCountry "CAN"]

1. e4 c5 2. Nf3 Nc6 3. d4 cxd4 4. Nxd4 g6 5. c4 Nf6 6. Nc3 d6 7. Be2 Nxd4 8.
Qxd4 Bg7 9. Bg5 O-O 10. Qd2 Be6 11. O-O Qa5 12. Rad1 Rfc8 13. b3 a6 14. f4 Ng4
15. Nd5 Qc5+ 16. Kh1 Bxd5 17. Bxg4 Bxe4 18. Bxc8 Qxc8 19. Bxe7 Qg4 20. Rfe1 Bc6
21. Bxd6 h5 22. Qe2 Qf5 23. Be5 Re8 24. Qd3 Rxe5 25. fxe5 Qf2 26. Qg3 Qc2 27.
e6 fxe6 28. Rd8+ Kh7 29. Rxe6 Qf5 30. Re1 Bf6 31. Rd2 h4 32. Qf2 1-0

[Event "Grand Prix-B"]
[Site "Winnipeg CAN"]
[Date "2003.12.02"]
[Round "4"]
[White "Greenberg, Harley"]
[Black "Vincent, Trevor"]
[Result "0-1"]
[WhiteElo "1874"]
[BlackElo "2094"]
[PlyCount "103"]
[EventDate "2003.11.04"]
[EventType "tourn"]
[EventRounds "6"]
[EventCountry "CAN"]

1. d4 Nf6 2. c4 e5 3. dxe5 Ng4 4. Bf4 Bb4+ 5. Nd2 d6 6. exd6 Qf6 7. e3 g5 8.
Bg3 h5 9. h3 h4 10. hxg4 hxg3 11. Rxh8+ Qxh8 12. Qa4+ Nc6 13. O-O-O gxf2 14.
Ngf3 Bxd6 15. c5 Bxc5 16. Qe4+ Be7 17. Nxg5 Qe5 18. Ngf3 Qxe4 19. Nxe4 Bxg4 20.
Nxf2 Be6 21. a3 Bc5 22. Nd4 Bxd4 23. exd4 O-O-O 24. Kc2 Rxd4 25. Rxd4 Nxd4+ 26.
Kc3 Nf5 27. g4 Ne3 28. Be2 Kd7 29. Kd4 Nd5 30. Ne4 b6 31. b4 Ke7 32. g5 f6 33.
gxf6+ Nxf6 34. Nxf6 Kxf6 35. b5 Bh3 36. Bf3 Bf1 37. Bc6 Ke6 38. Bd5+ Kd6 39.
Bc6 Be2 40. Ke3 Bd1 41. Kd4 Ba4 42. Kc4 a6 43. Be8 Bxb5+ 44. Bxb5 axb5+ 45.
Kxb5 Kd5 46. Kb4 Kc6 47. Kc4 Kd6 48. Kc3 Kd5 49. Kd3 c5 50. Kc2 Kd4 51. Kd2 c4
52. Kc2 0-1

[Event "Grand Prix-B"]
[Site "Winnipeg CAN"]
[Date "2003.12.02"]
[Round "4"]
[White "Van Wyk, Joseph"]
[Black "Khedkar, Jay"]
[Result "1-0"]
[WhiteElo "1922"]
[BlackElo "1902"]
[PlyCount "73"]
[EventDate "2003.11.04"]
[EventType "tourn"]
[EventRounds "6"]
[EventCountry "CAN"]

1. e4 c5 2. Nf3 Nc6 3. d4 cxd4 4. Nxd4 e6 5. c4 Nf6 6. Nc3 Bb4 7. Nxc6 bxc6 8.
e5 Ne4 9. Qd4 Qa5 10. Bd2 Nxd2 11. Kxd2 Rb8 12. b3 c5 13. Qe3 Bb7 14. Kc2 Bxc3
15. Qxc3 Qxc3+ 16. Kxc3 Ke7 17. Rd1 h5 18. Be2 Bxg2 19. Rhg1 Be4 20. Rxg7 Bg6
21. Rg1 Kf8 22. R1xg6 fxg6 23. Rxd7 Ke8 24. Rg7 Rd8 25. Bf3 Rd4 26. Rxa7 Kf8
27. Bc6 Rf4 28. f3 Rf7 29. Ra5 Kg7 30. Rxc5 Rc8 31. b4 g5 32. h3 Rfc7 33. b5
Kf7 34. a4 Ke7 35. a5 Rf8 36. b6 Rxf3+ 37. Kb4 1-0

[Event "Grand Prix-B"]
[Site "Winnipeg CAN"]
[Date "2003.12.09"]
[Round "5"]
[White "Khedkar, Jay"]
[Black "Vincent, Trevor"]
[Result "1/2-1/2"]
[WhiteElo "1902"]
[BlackElo "2094"]
[PlyCount "59"]
[EventDate "2003.11.04"]
[EventType "tourn"]
[EventRounds "6"]
[EventCountry "CAN"]

1. d4 Nf6 2. Nf3 c5 3. c4 cxd4 4. Nxd4 d6 5. Nc3 g6 6. e4 Nc6 7. Be3 Ng4 8.
Nxc6 bxc6 9. Bd2 Qb6 10. Qe2 Qxb2 11. Rb1 Qa3 12. h3 Nf6 13. Qf3 Nd7 14. Rb3
Qa5 15. Nd5 Qd8 16. Bc3 f6 17. Nf4 Nc5 18. Rb1 Bg7 19. Be2 O-O 20. g4 e5 21.
Nd3 Nxd3+ 22. Bxd3 Be6 23. O-O Rc8 24. Rb7 Rf7 25. Rfb1 Rd7 26. Qe3 Ra8 27. Qe1
d5 28. cxd5 cxd5 29. Ba5 Qc8 30. Ba6 1/2-1/2

[Event "Grand Prix-B"]
[Site "Winnipeg CAN"]
[Date "2003.12.09"]
[Round "5"]
[White "Van Wyk, Joseph"]
[Black "Greenberg, Harley"]
[Result "1-0"]
[WhiteElo "1922"]
[BlackElo "1874"]
[PlyCount "77"]
[EventDate "2003.11.04"]
[EventType "tourn"]
[EventRounds "6"]
[EventCountry "CAN"]

1. e4 c5 2. Nf3 Nc6 3. d4 cxd4 4. Nxd4 Nf6 5. Nc3 e5 6. Ndb5 d6 7. Bg5 a6 8.
Na3 b5 9. Bxf6 gxf6 10. Nd5 f5 11. Bd3 Be6 12. O-O Bxd5 13. exd5 Ne7 14. Nxb5
Bg7 15. Nc3 O-O 16. Qh5 e4 17. Bc4 Qc8 18. Bb3 Ng6 19. Rae1 Re8 20. Re3 Re5 21.
f4 Qc5 22. Nd1 Ree8 23. Kh1 Qb5 24. c4 Qd7 25. Rh3 h6 26. Ne3 Ne7 27. Rg1 Ng6
28. g3 Rab8 29. Nxf5 e3 30. Nxg7 Qxh3 31. Qxh3 Kxg7 32. Qg4 Kf8 33. Re1 Re7 34.
Qh5 Kg7 35. f5 Re5 36. Qg4 Rf8 37. fxg6 f5 38. Qd4 Kxg6 39. Rxe3 1-0

[Event "Grand Prix-B"]
[Site "Winnipeg CAN"]
[Date "2003.12.16"]
[Round "6"]
[White "Greenberg, Harley"]
[Black "Khedkar, Jay"]
[Result "0-1"]
[WhiteElo "1794"]
[BlackElo "1898"]
[PlyCount "49"]
[EventDate "2003.11.04"]
[EventType "tourn"]
[EventRounds "6"]
[EventCountry "CAN"]

1. d4 f5 2. c4 Nf6 3. g3 e6 4. Bg2 Be7 5. Nf3 O-O 6. O-O d6 7. Nc3 Qe8 8. Qc2
Qh5 9. e4 fxe4 10. Nxe4 Nc6 11. Be3 Ng4 12. h3 Nxe3 13. fxe3 e5 14. Nh4 Bxh4
15. Rxf8+ Kxf8 16. Rf1+ Bf6 17. Nxf6 gxf6 18. Rxf6+ Kg7 19. Qf2 Ne7 20. g4 Qe8
21. h4 Bxg4 22. Be4 Bh5 23. Re6 Qf7 24. Qg3+ Kh8 25. Rh6 0-1

[Event "Grand Prix-B"]
[Site "Winnipeg CAN"]
[Date "2003.12.16"]
[Round "6"]
[White "Vincent, Trevor"]
[Black "Van Wyk, Joseph"]
[Result "1-0"]
[WhiteElo "1937"]
[BlackElo "1821"]
[PlyCount "59"]
[EventDate "2003.11.04"]
[EventType "tourn"]
[EventRounds "6"]
[EventCountry "CAN"]

1. c4 e5 2. g3 g6 3. Bg2 Bg7 4. Nc3 Ne7 5. e4 d6 6. Nge2 Be6 7. d3 Qd7 8. O-O
Nbc6 9. Nd5 O-O-O 10. Rb1 h5 11. h4 Bh3 12. b4 Bxg2 13. Kxg2 Nxd5 14. exd5 Ne7
15. Rb3 Nf5 16. Ra3 c6 17. Qa4 cxd5 18. Qxa7 dxc4 19. dxc4 Qc6+ 20. Kg1 e4 21.
b5 Qxc4 22. Bg5 Nd4 23. Nxd4 Bxd4 24. Qa8+ Kc7 25. Bxd8+ Rxd8 26. Qa4 Qc5 27.
Rb1 Qe5 28. b6+ Bxb6 29. Qb4 Qc5 30. Rc3 1-0

[Event "Grand Prix-C"]
[Site "Winnipeg CAN"]
[Date "2003.11.04"]
[Round "1"]
[White "Kwiatek, Jordan"]
[Black "Shome, Devarshi"]
[Result "0-1"]
[WhiteElo "1716"]
[BlackElo "1685"]
[PlyCount "63"]
[EventDate "2003.11.04"]
[EventType "tourn"]
[EventRounds "6"]
[EventCountry "CAN"]

1. e4 e6 2. d4 d5 3. Nc3 Bb4 4. Bd2 Bxc3 5. Bxc3 Nf6 6. e5 Ne4 7. Qg4 O-O 8.
Bb4 c5 9. f3 Nf2 10. Kxf2 cxb4 11. h4 f6 12. h5 h6 13. Rh3 fxe5 14. Rg3 Qf6 15.
dxe5 Qxe5 16. Re1 Qf6 17. Ne2 e5 18. Qxb4 Nc6 19. Qb5 Qf7 20. Nc3 Be6 21. Rg6
e4 22. Nxe4 dxe4 23. Rxe6 Nd4 24. Qe5 Nxf3 25. gxf3 Qxf3+ 26. Kg1 Qf2+ 27. Kh1
Qxe1 28. Rg6 Rxf1+ 29. Kh2 Qh4+ 30. Kg2 Rf2+ 31. Kg1 Rf7 32. Rg2 0-1

[Event "Grand Prix-C"]
[Site "Winnipeg CAN"]
[Date "2003.11.04"]
[Round "1"]
[White "Rutter, Blair"]
[Black "Zaczek, Jonathan"]
[Result "1/2-1/2"]
[WhiteElo "1692"]
[BlackElo "1753"]
[PlyCount "68"]
[EventDate "2003.11.04"]
[EventType "tourn"]
[EventRounds "6"]
[EventCountry "CAN"]

1. c4 Nf6 2. g3 g6 3. Bg2 Bg7 4. Nc3 d6 5. d3 e5 6. e4 O-O 7. Nge2 c5 8. h3 Nc6
9. O-O Be6 10. Be3 Qd7 11. Kh2 h5 12. Qd2 Kh7 13. f4 Rh8 14. f5 gxf5 15. exf5
Bxf5 16. Nd5 Kg8 17. Nxf6+ Bxf6 18. Rf2 Ne7 19. Raf1 Bg7 20. Nc3 Bg6 21. Bg5 f5
22. Bd5+ Nxd5 23. Nxd5 Re8 24. Bf6 Kh7 25. Bg5 Rhf8 26. Qe2 Rf7 27. Qd2 Ref8
28. b3 b6 29. Kg2 Qe6 30. Kh2 Qd7 31. h4 Re8 32. Re2 Rb8 33. Rd1 Rbf8 34. Rf1
Re8 1/2-1/2

[Event "Grand Prix-C"]
[Site "Winnipeg CAN"]
[Date "2003.11.18"]
[Round "2"]
[White "Rutter, Blair"]
[Black "Kwiatek, Jordan"]
[Result "1-0"]
[WhiteElo "1692"]
[BlackElo "1716"]
[PlyCount "65"]
[EventDate "2003.11.04"]
[EventType "tourn"]
[EventRounds "6"]
[EventCountry "CAN"]

1. c4 Nf6 2. g3 g6 3. Bg2 Bg7 4. Nf3 d6 5. O-O e5 6. d3 O-O 7. Nc3 c5 8. Qc2
Nc6 9. Bg5 Be6 10. a3 Qd7 11. e4 h6 12. Bxf6 Bxf6 13. Ne2 g5 14. Qd2 Kg7 15.
Ne1 Nd4 16. Nxd4 cxd4 17. Nc2 Rh8 18. f3 Rag8 19. g4 h5 20. h3 hxg4 21. fxg4
Bd8 22. Rf3 b5 23. b3 bxc4 24. bxc4 Bb6 25. Raf1 Kf8 26. Rf6 Rg7 27. Qb4 Ke7
28. Qd2 Qa4 29. Qf2 Qb3 30. Rxe6+ Kxe6 31. Qf6+ Kd7 32. Qxg7 Qxd3 33. Qxf7+ 1-0

[Event "Grand Prix-C"]
[Site "Winnipeg CAN"]
[Date "2003.11.18"]
[Round "2"]
[White "Zaczek, Jonathan"]
[Black "Shome, Devarshi"]
[Result "1-0"]
[WhiteElo "1753"]
[BlackElo "1685"]
[PlyCount "57"]
[EventDate "2003.11.04"]
[EventType "tourn"]
[EventRounds "6"]
[EventCountry "CAN"]

1. e4 e6 2. d4 d5 3. Nc3 dxe4 4. Nxe4 Nd7 5. Nf3 Ngf6 6. Bd3 Nxe4 7. Bxe4 c5 8.
O-O Be7 9. c4 O-O 10. b3 cxd4 11. Nxd4 Nc5 12. Bc2 Bf6 13. Bb2 b6 14. b4 Na6
15. Qd3 g6 16. Qf3 Bd7 17. a3 e5 18. Ne2 Bg7 19. Rad1 Qc7 20. Be4 Rad8 21. Bd5
h5 22. Rfe1 Nb8 23. h3 Nc6 24. Ng3 Nd4 25. Qe4 Rfe8 26. Qxg6 Ba4 27. Nxh5 Ne6
28. Bxe6 fxe6 29. Rxd8 1-0

[Event "Grand Prix-C"]
[Site "Winnipeg CAN"]
[Date "2003.11.25"]
[Round "3"]
[White "Kwiatek, Jordan"]
[Black "Zaczek, Jonathan"]
[Result "1-0"]
[WhiteElo "1716"]
[BlackElo "1753"]
[PlyCount "71"]
[EventDate "2003.11.04"]
[EventType "tourn"]
[EventRounds "6"]
[EventCountry "CAN"]

1. d4 Nf6 2. Bg5 g6 3. Bxf6 exf6 4. g3 d5 5. Bg2 Bg7 6. e3 O-O 7. c4 dxc4 8.
Nd2 c6 9. Ne2 f5 10. O-O Be6 11. Nf4 Bd5 12. Nxd5 cxd5 13. Nxc4 Nc6 14. Nd2 Qd7
15. Rc1 Rac8 16. Qa4 b6 17. Rc2 Qe6 18. Rfc1 Na5 19. Rxc8 Rxc8 20. Rxc8+ Qxc8
21. Bxd5 Bf8 22. Kg2 Qd8 23. Bf3 Qc7 24. b4 Nc4 25. Nxc4 Qxc4 26. Qxa7 Bxb4 27.
Qxb6 Be1 28. Qb3 Qc1 29. Bd5 Qd2 30. Qb8+ Kg7 31. Qf4 Qa5 32. Bb3 f6 33. d5 Bc3
34. Qd6 Be5 35. Qe7+ Kh6 36. Qf8+ 1-0

[Event "Grand Prix-C"]
[Site "Winnipeg CAN"]
[Date "2003.11.25"]
[Round "3"]
[White "Shome, Devarshi"]
[Black "Rutter, Blair"]
[Result "0-1"]
[WhiteElo "1685"]
[BlackElo "1692"]
[PlyCount "71"]
[EventDate "2003.11.04"]
[EventType "tourn"]
[EventRounds "6"]
[EventCountry "CAN"]

1. e4 e6 2. d4 d5 3. e5 c5 4. c3 Bd7 5. Nf3 Qb6 6. a4 Nc6 7. Be2 Nge7 8. Na3 a6
9. O-O Nf5 10. Nc2 cxd4 11. cxd4 Rc8 12. Be3 Be7 13. Re1 Nb4 14. a5 Qd8 15.
Nxb4 Nxe3 16. fxe3 Bxb4 17. Rf1 Bxa5 18. Qb3 Qb6 19. Qa2 Bb4 20. b3 O-O 21. Bd3
h6 22. Qf2 Bb5 23. Bxb5 Qxb5 24. h4 Qd3 25. Nh2 Rc2 26. Qg3 Re2 27. Ng4 Qg6 28.
h5 Qg5 29. Rf3 Rc8 30. Raf1 Bd2 31. Qh3 Rc3 32. Nf6+ Kh8 33. Rg3 Rexe3 34. Rxg5
Rxh3 35. Rxg7 Be3+ 36. Rf2 0-1

[Event "Grand Prix-C"]
[Site "Winnipeg CAN"]
[Date "2003.12.02"]
[Round "4"]
[White "Shome, Devarshi"]
[Black "Kwiatek, Jordan"]
[Result "0-1"]
[WhiteElo "1685"]
[BlackElo "1716"]
[PlyCount "52"]
[EventDate "2003.11.04"]
[EventType "tourn"]
[EventRounds "6"]
[EventCountry "CAN"]

1. Nf3 d5 2. g3 Nf6 3. Bg2 c6 4. O-O Bg4 5. d3 Nbd7 6. Nbd2 e6 7. c4 Be7 8. b3
O-O 9. Bb2 h6 10. Rc1 dxc4 11. bxc4 a5 12. Bc3 a4 13. Rb1 Qc7 14. Qc2 Nc5 15.
d4 Bf5 16. Qb2 Bxb1 17. dxc5 Bh7 18. Be5 Qd7 19. Qb4 Rfd8 20. Rc1 Ng4 21. Bf4
e5 22. Be3 Nxe3 23. fxe3 Qc7 24. Rc3 Qa5 25. Qb2 Bf6 26. Rc1 Qxc5 0-1

[Event "Grand Prix-C"]
[Site "Winnipeg CAN"]
[Date "2003.12.02"]
[Round "4"]
[White "Zaczek, Jonathan"]
[Black "Rutter, Blair"]
[Result "1-0"]
[WhiteElo "1753"]
[BlackElo "1692"]
[PlyCount "65"]
[EventDate "2003.11.04"]
[EventType "tourn"]
[EventRounds "6"]
[EventCountry "CAN"]

1. e4 e6 2. d4 d5 3. Nc3 Nf6 4. e5 Nfd7 5. f4 c5 6. Nf3 Nc6 7. Be3 Be7 8. Qd2
f6 9. f5 exf5 10. e6 Nf8 11. dxc5 Bxe6 12. O-O-O Qa5 13. Bb5 Nd7 14. Kb1 Kf7
15. Rhe1 a6 16. Ba4 Bxc5 17. Bxc5 Nxc5 18. Rxe6 Nxe6 19. Bb3 Ne7 20. Qe2 Rhe8
21. Nxd5 Nxd5 22. Rxd5 Qc7 23. Nd4 Qxh2 24. Nxe6 Kg6 25. Rd7 Rxe6 26. Bxe6 Qg1+
27. Rd1 Qb6 28. Rh1 h6 29. Qh5+ Kh7 30. Bxf5+ Kh8 31. Qg6 Kg8 32. Qh7+ Kf8 33.
Qh8+ 1-0

[Event "Grand Prix-C"]
[Site "Winnipeg CAN"]
[Date "2003.12.09"]
[Round "5"]
[White "Shome, Devarshi"]
[Black "Zaczek, Jonathan"]
[Result "1/2-1/2"]
[WhiteElo "1685"]
[BlackElo "1753"]
[PlyCount "22"]
[EventDate "2003.11.04"]
[EventType "tourn"]
[EventRounds "6"]
[EventCountry "CAN"]

1. e4 c5 2. Nf3 Nc6 3. d4 cxd4 4. Nxd4 g6 5. c4 Bg7 6. Be3 Nh6 7. Nc3 d6 8. Be2
O-O 9. O-O Qa5 10. Nb3 Qd8 11. f4 f5 1/2-1/2

[Event "Grand Prix-C"]
[Site "Winnipeg CAN"]
[Date "2003.12.16"]
[Round "6"]
[White "Rutter, Blair"]
[Black "Shome, Devarshi"]
[Result "1-0"]
[WhiteElo "1697"]
[BlackElo "1565"]
[PlyCount "103"]
[EventDate "2003.11.04"]
[EventType "tourn"]
[EventRounds "6"]
[EventCountry "CAN"]

1. d4 Nf6 2. c4 g6 3. Nc3 Bg7 4. Nf3 O-O 5. e4 d6 6. Be2 e5 7. O-O Nc6 8. d5
Ne7 9. h3 Nd7 10. Qc2 h6 11. Nh2 f5 12. exf5 gxf5 13. g4 f4 14. Kh1 Nf6 15. Rg1
Kh8 16. Bd2 Nh7 17. Ne4 Ng5 18. Qd3 Qe8 19. h4 Nxe4 20. Qxe4 Qg6 21. Bd3 Qxe4+
22. Bxe4 Bd7 23. Nf3 Be8 24. Rg2 Bg6 25. Re1 Kh7 26. b3 a6 27. g5 Bxe4 28. Rxe4
Ng6 29. h5 Ne7 30. Nh4 hxg5 31. Nf3 Bh6 32. Nxg5+ Bxg5 33. Rxg5 Rg8 34. Bxf4
Raf8 35. Rxg8 Nxg8 36. Be3 Rf5 37. Rh4 Nf6 38. h6 Rh5 39. Rxh5 Nxh5 40. Kg2 Nf6
41. Kg3 Ng8 42. Ba7 Nf6 43. Be3 Ng8 44. Kg4 Nxh6+ 45. Bxh6 Kxh6 46. Kf5 Kh5 47.
f3 Kh4 48. f4 Kh5 49. fxe5 dxe5 50. Kxe5 Kg5 51. Ke6 Kf4 52. Kd7 1-0

[Event "Grand Prix-D"]
[Site "Winnipeg CAN"]
[Date "2003.11.04"]
[Round "1"]
[White "Anderson, George"]
[Black "Gibbons, Lorne"]
[Result "0-1"]
[WhiteElo "1468"]
[BlackElo "1297"]
[PlyCount "104"]
[EventDate "2003.11.04"]
[EventType "tourn"]
[EventRounds "6"]
[EventCountry "CAN"]

1. b4 b5 2. e4 Bb7 3. Nc3 a6 4. d4 e6 5. Nf3 Bxb4 6. Bb2 Bxc3+ 7. Bxc3 Bxe4 8.
d5 f6 9. d6 cxd6 10. Qxd6 Bxc2 11. Rc1 Bg6 12. Bb4 Ne7 13. Bd3 Bxd3 14. Qxd3
Nbc6 15. Bc5 O-O 16. O-O d5 17. Nd4 Nxd4 18. Qxd4 Re8 19. Bb6 Qd6 20. Rc7 Rab8
21. Ba5 Nc6 22. Qg4 Re7 23. Rxe7 Qxe7 24. Qg3 Qb7 25. Bc7 Rc8 26. Bd6 Rd8 27.
Re1 Qd7 28. Bc5 e5 29. f4 e4 30. Rc1 d4 31. Qb3+ Qd5 32. Qh3 e3 33. Bb6 Re8 34.
Rc5 Qe4 35. Rc1 e2 36. Qb3+ Qe6 37. Qxe6+ Rxe6 38. Kf2 d3 39. Be3 Nb4 40. f5
Re8 41. a3 Nc2 42. Bd2 Nxa3 43. Rc3 Nc4 44. Rxd3 Nxd2 45. Ke1 Nc4 46. g4 a5 47.
Rd5 b4 48. Rc5 b3 49. Rb5 a4 50. Rb4 b2 51. h4 a3 52. g5 a2 0-1

[Event "Grand Prix-D"]
[Site "Winnipeg CAN"]
[Date "2003.11.04"]
[Round "1"]
[White "Hogeveen Rutter, Alexander"]
[Black "Liebzeit, Mick"]
[Result "1-0"]
[WhiteElo "1753"]
[BlackElo "1273"]
[PlyCount "49"]
[EventDate "2003.11.04"]
[EventType "tourn"]
[EventRounds "6"]
[EventCountry "CAN"]

1. e4 c5 2. Nf3 d6 3. d4 cxd4 4. Nxd4 Nf6 5. Nc3 g6 6. Be3 Bg7 7. Be2 O-O 8.
Qd2 Nc6 9. O-O-O Bd7 10. Kb1 Rc8 11. f3 Ne5 12. Bh6 Bxh6 13. Qxh6 a5 14. Nd5
Nxd5 15. exd5 Qc7 16. h4 f6 17. g4 f5 18. gxf5 Bxf5 19. Qd2 Nc4 20. Bxc4 Qxc4
21. Nxf5 Rxf5 22. h5 Rxf3 23. hxg6 hxg6 24. Qh2 Rf5 25. Qh8+ 1-0

[Event "Grand Prix-D"]
[Site "Winnipeg CAN"]
[Date "2003.11.18"]
[Round "2"]
[White "Hogeveen Rutter, Alexander"]
[Black "Anderson, George"]
[Result "1-0"]
[WhiteElo "1735"]
[BlackElo "1468"]
[PlyCount "55"]
[EventDate "2003.11.04"]
[EventType "tourn"]
[EventRounds "6"]
[EventCountry "CAN"]

1. e4 e6 2. d4 d5 3. e5 Bd7 4. c4 dxc4 5. Bxc4 c5 6. Nf3 Qb6 7. d5 exd5 8. Bxd5
Bb5 9. Qb3 Nd7 10. Bxf7+ Kd8 11. Bxg8 Rc8 12. Bc4 Bxc4 13. Qxc4 Qb4+ 14. Qxb4
cxb4 15. O-O Rc2 16. Nd4 Rc4 17. Ne6+ Ke7 18. Nxf8 Rxf8 19. Bd2 Nxe5 20. a3 a5
21. axb4 axb4 22. b3 Rg4 23. f3 Nxf3+ 24. Kh1 Nxd2 25. Nxd2 Rd8 26. Rae1+ Kd7
27. Nc4 b5 28. Ne5+ 1-0

[Event "Grand Prix-D"]
[Site "Winnipeg CAN"]
[Date "2003.11.18"]
[Round "2"]
[White "Liebzeit, Mick"]
[Black "Gibbons, Lorne"]
[Result "1-0"]
[WhiteElo "1273"]
[BlackElo "1297"]
[PlyCount "48"]
[EventDate "2003.11.04"]
[EventType "tourn"]
[EventRounds "6"]
[EventCountry "CAN"]

1. e4 e5 2. Nf3 Qf6 3. Nc3 c6 4. d4 exd4 5. Nxd4 Bc5 6. Be3 Ne7 7. Be2 O-O 8.
O-O Rd8 9. f4 Qh6 10. Qd2 g6 11. e5 d5 12. f5 Bxd4 13. Qxd4 Qf8 14. e6 f6 15.
fxg6 f5 16. gxh7+ Kxh7 17. Rf3 Ng6 18. Rh3+ Kg8 19. Bh5 Kh7 20. Bxg6+ Kxg6 21.
Rh6+ Qxh6 22. Bxh6 Kxh6 23. Qf6+ Kh7 24. Qxd8 Bxe6 1-0

[Event "Grand Prix-D"]
[Site "Winnipeg CAN"]
[Date "2003.11.25"]
[Round "3"]
[White "Anderson, George"]
[Black "Liebzeit, Mick"]
[Result "0-1"]
[WhiteElo "1468"]
[BlackElo "1273"]
[PlyCount "30"]
[EventDate "2003.11.04"]
[EventType "tourn"]
[EventRounds "6"]
[EventCountry "CAN"]

1. b4 e5 2. Bb2 f6 3. b5 d5 4. e3 Bf5 5. c4 c6 6. a4 Nd7 7. h3 Bd6 8. Nf3 Ne7
9. d4 O-O 10. Nh4 Bxb1 11. Qxb1 Bb4+ 12. Kd1 c5 13. cxd5 Nb6 14. Nf3 Nbxd5 15.
Bc4 Kh8 0-1

[Event "Grand Prix-D"]
[Site "Winnipeg CAN"]
[Date "2003.11.25"]
[Round "3"]
[White "Gibbons, Lorne"]
[Black "Hogeveen Rutter, Alexander"]
[Result "0-1"]
[WhiteElo "1297"]
[BlackElo "1735"]
[PlyCount "38"]
[EventDate "2003.11.04"]
[EventType "tourn"]
[EventRounds "6"]
[EventCountry "CAN"]

1. e4 c5 2. Bc4 Nc6 3. Nf3 d6 4. d3 Nf6 5. Bd2 g6 6. h3 Bg7 7. Nc3 O-O 8. Qe2
Bd7 9. O-O-O a6 10. a3 b5 11. Ba2 b4 12. axb4 cxb4 13. Nb1 Qa5 14. Bb3 Qa1 15.
c3 Rfc8 16. e5 Na5 17. Nd4 bxc3 18. Bxc3 Rab8 19. Bc2 Bh6+ 0-1

[Event "Grand Prix-D"]
[Site "Winnipeg CAN"]
[Date "2003.12.02"]
[Round "4"]
[White "Gibbons, Lorne"]
[Black "Anderson, George"]
[Result "0-1"]
[WhiteElo "1297"]
[BlackElo "1468"]
[PlyCount "38"]
[EventDate "2003.11.04"]
[EventType "tourn"]
[EventRounds "6"]
[EventCountry "CAN"]

1. d4 f5 2. c4 g6 3. Bf4 Bg7 4. Nf3 Nf6 5. e3 Nh5 6. Be5 O-O 7. Be2 Bh6 8. Nfd2
f4 9. Bxh5 fxe3 10. fxe3 d6 11. Bg3 Bxe3 12. Qb3 gxh5 13. Qxe3 Nc6 14. d5 Nb4
15. Qc3 a5 16. Na3 e6 17. dxe6 Bxe6 18. Nc2 Qe7 19. Nxb4 Bg4+ 0-1